=LDR 00000nam 2200000 4500 =001 INLIS000000000007675 =005 20200304020558 =035 ##$$a 0010-061300000007675 =008 200304################g##########0#ind## =041 ##$$a Ind =082 ##$$a 149.96 =090 ##$$a 149.96, Ria s =100 ##$$a Piaget, Jean =245 1#$$a Strukturalisme /$c Jean Piaget =260 ##$$a Jakarta :$b Yayasan Obor,$c 1995 =300 ##$$a xiii, 131 hlm. ; $c 20 x 14 cm. =650 #4$$a Strukturalisme =020 ##$$a 979-461-214-6 =084 ##$$a 149.96 PIA s =990 ##$$a 85.170/Pro.95 =990 ##$$a 85.169/Pro.95